| Поле | Название | Значение |
| |
Тип записи |
a |
| |
Библиографический уровень |
m |
| 001 |
Контрольный номер |
RU\infra-m\znanium\bibl\2173569 |
| 005 |
Дата корректировки |
20260429142238.3 |
| 008 |
Кодируемые данные |
251022s2025 RU g rus u |
| 020 |
Индекс ISBN |
__ |
| a |
ISBN |
978-5-16-018155-4 |
| 020 |
Индекс ISBN |
__ |
| a |
ISBN |
978-5-16-106093-3 (электр. издание) |
| 040 |
Источник каталогиз. |
__ |
| a |
Служба первич. каталог. |
Общество с ограниченной ответственностью «ЗНАНИУМ» |
| 041 |
Код языка издания |
__ |
| a |
Код языка текста |
rus |
| 044 |
Код страны публикации |
__ |
| a |
Код страны публикации |
RU |
| 080 |
Индекс УДК |
__ |
| a |
Индекс УДК |
726.5 |
| 084 |
Индекс другой классификации/Индекс ББК |
__ |
| 2 |
Источник индекса |
rubbk |
| a |
Индекс другой классификации/Индекс ББК |
85.113(3) |
| 084 |
Индекс другой классификации/Индекс ББК |
__ |
| 2 |
Источник индекса |
okso |
| a |
Индекс другой классификации/Индекс ББК |
07.03.01 |
| 084 |
Индекс другой классификации/Индекс ББК |
__ |
| 2 |
Источник индекса |
okso |
| a |
Индекс другой классификации/Индекс ББК |
50.03.03 |
| 084 |
Индекс другой классификации/Индекс ББК |
__ |
| 2 |
Источник индекса |
okso |
| a |
Индекс другой классификации/Индекс ББК |
51.03.01 |
| 100 |
Автор |
__ |
| a |
Автор |
Орлов И.И. |
| q |
Полное имя |
Орлов Игорь Иванович |
| u |
Дополнение |
Липецкий Государственный Технический Университет |
| 245 |
Заглавие |
__ |
| a |
Заглавие |
Загадки страны «Ок». Романские церкви Окситании X - XIII веков |
| b |
Продолж. заглавия |
Монография |
| c |
Ответственность |
Липецкий Государственный Технический Университет |
| 250 |
Сведения об издании |
__ |
| a |
Основные сведения об издании |
1 |
| 260 |
Выходные данные |
__ |
| a |
Место издания |
Москва |
| b |
Издательство |
ООО "Научно-издательский центр ИНФРА-М" |
| c |
Дата издания |
2026 |
| 300 |
Физическое описание |
__ |
| a |
Объем |
216 с. |
| 440 |
Серия |
__ |
| a |
Серия |
Научная мысль |
| 520 |
Аннотация |
__ |
| a |
Аннотация |
Настоящая монография посвящена малоизученному феномену Средневековой культуры Западной Европы X-XIII вв. — романским укрепленным церквям eglises fortifies обширного региона Южной Франции Каталонии Наварры Басконии и Гаскони (Окситания). В книге исследуется возникновение и сложение этого уникального явления культуры и искусства почти не изученного в отечественной медиевистике. Данная монография предназначена для специалистов по истории Средневековой Франции преподавателей студентов аспирантов и всех кто интересуется вопросами искусства и культуры Европейского средневековья. |
| 521 |
Примеч. о цел. назн. |
__ |
| a |
Примеч. о целев. назн. |
Дополнительное профессиональное образование |
| 650 |
Тематические рубрики |
__ |
| a |
Основная рубрика |
История. Исторические науки |
| x |
Основная подрубрика |
История Средних веков и Возрождения |
| 655 |
Указ. предметных рубрик (устаревшее) |
__ |
| a |
Жанр/ форма (устаревшее) |
Монография |
| 856 |
Электронный адрес документа |
4_ |
| a |
Имя сервера/домена |
znanium.ru |
| m |
Помощь |
ebs_support@infra-m.ru |
| n |
Местонахождение сервера |
НИЦ ИНФРА-М |
| u |
URL |
https://znanium.ru/catalog/document?id=471421 |
| 856 |
Электронный адрес документа |
48 |
| a |
Имя сервера/домена |
znanium.ru |
| d |
Путь |
/cover/2173 |
| f |
Электронное имя |
2173569.jpg |
| q |
Тип электронного формата |
image/jpeg |
| u |
URL |
https://znanium.ru/cover/2173/2173569.jpg |
| 911 |
|
__ |
| u |
|
0030=https://znanium.ru/catalog/document?id=471421 |